000 01838cam a22005054i 4500
003 PE-LiUPU
005 20250731165625.0
008 150616s r 000 0 d
035 _a(Sirsi) a6199
035 _a(Sirsi) a6199
040 _aPE-LiUPU
_bspa
_cPE-LiUPU
_erda
049 _aPRUA
082 0 4 _a220.7
_bB84
_221
100 1 _aBrown, Raymond E.,
_eautor.
245 1 0 _aComentario Bíblico San Jerónimo.
_n3:1 /
_cRaymond E. Brown.
264 1 _aMadrid :
_bEdiciones Cristiandad,
_c1972.
300 _a638 páginas :
_bIlustraciones (mapas a color) ;
_c24 cm.
336 _atext
_2rdacontent
337 _aunmediated
_2rdamedia
338 _avolume
_2rdacarrier
505 0 _aEl problema sinóptico.- Crítica moderna del Nuevo Testamento.- Evangelio según San Marcos.- Cartas a los Tesalonicenses.- Carta a los Galatas.- Carta a los Filipenses.
526 _aSEG44
526 _aSEG26
526 _aP151
526 _aP150
526 _aP149
526 _aP146
526 _aP145
526 _aP126
526 _aP125
526 _aP92
526 _aP75
526 _aP74
526 _aP27
526 _aP15
630 _aBiblia.
_pN.T.
_xComentarios.
650 0 4 _a
910 _ajck
_bjvq
_cjck
942 _2ddc
_cBOOK
949 _aRC 220.7 B84 3:1
_wDEWEY
_c1
_i39608
_lRC
_mBUL
_r0
_sY
_tBOOK
_u2015-6-16
_xTEOLOGIA
_zUNKNOWN
_0COMPRA
_o.CIRCNOTE. No olvidar cambiar la fecha de devolución!!!!!!!
_o.STAFF. Colección General
994 _aC0
_bPEPRU
596 _a1
999 _aRC 220.7 B84 3:1
_wDEWEY
_c57306
_i39608
_d57306
_e2017-9-21
_f2021-11-8
_g6
_lCCODEBUL1
_mBUL
_n1
_r1
_sY
_tBOOK
_u2015-6-16
_xTEOLOGIA
_zUNKNOWN
_0COMPRA
_o.CIRCNOTE. No olvidar cambiar la fecha de devolución!!!!!!!
_o.STAFF. Colección General
980 _81
_gALBERTO SANCHEZ Responsable de Automatización